书目信息 |
| 书名: | THE COLLECTDE POEMS | |
| 作者: | SYLVIA PLATH | |
| 分册号: | ||
| 分册名: | 出版地: | NEW YORK |
|
| 出版社: | HARPER PERENNIAL MODERN CLASSICS | |
| 出版时间: | 1992 | |
| 页数: | 351P | |
| 开本: | 23CM | |
| 丛书名: | ||
| 中图分类号: | ||
| 科图分类号: | ||
| 其他分类号: | I106.2 | |
| 主题词: | ||
| 电子资源: | ||
| 000 | 00401nam0 2200145 450 | |
| 001 | 202012000112 | |
| 005 | 20121107093246.0 | |
| 008 | 12101301s | |
| 020 | @a9780061558894@c$17.99 | |
| 099 | @dI106.2@eSy58 | |
| 245 | @aTHE COLLECTDE POEMS@cSYLVIA PLATH | |
| 260 | 0 | @aNEW YORK@bHARPER PERENNIAL MODERN CLASSICS@c1992 |
| 300 | @a351P@c23CM | |
| 905 | @aTSG@dI106.2@eSy58 | |
| 905 | @b5678-9 | |
| THE COLLECTDE POEMS / SYLVIA PLATH.-NEW YORK : HARPER PERENNIAL MODERN CLASSICS , 1992 |
| 351P ; 23CM |
| ISBN 9780061558894$17.99 |
| ● |
| 相关链接 |
|
|
|
正题名:THE COLLECTDE POEMS
索取号:I106.2/Sy58
 
预约/预借
| 序号 | 登录号 | 条形码 | 馆藏地/架位号 | 状态 | 备注 |
| 1 | 5678 | 300056784 | 文学库108/400A自科库 15排1列6层/ [索取号:I106.2/Sy58] | 在馆 | |
| 2 | 5679 | 300056793 | 文学库108/400A自科库 15排1列6层/ [索取号:I106.2/Sy58] | 在馆 |